Statistics for Who Said That? - Haikyuu Quiz (PART 1)

Click here to take the quiz!

General Stats

  • This quiz has been taken 131 times
  • The average score is 15 of 21

Answer Stats

QuoteAnswer% Correct
"Do you need a reason to not want to lose?"Hinata
96%
"And when that moment comes for you, that's the moment you will be hooked on volleyball."Bokuto
92%
"If you want to be the last one standing, become strong."Kageyama
90%
"I can't do any fancy plays, but I can give you guys a solid foundation."Daichi
89%
“Even if a game doesn’t seem clear-able at first, after playing it over and over again, you can conquer it.”Kenma
87%
"When crows flock, they might even kill a big white eagle."Oikawa
87%
"Because people don't have wings, they look for ways to fly."Keishin Ukai
81%
"He's a man who walks ahead of me."Tsukishima
80%
“Even if we go for what’s somewhat safe here, it’ll mean we never changed.”Sugawara
79%
"If you keep that line of thinking, they'll wipe the floor with you the next time you run into them, too.'Kuroo
76%
"I hate confidence that has no basis."Ushijima
76%
"When you can't get a score with my setting, don't make excuses like 'the ball was bad' okay?"Atsumu
74%
"We are the protagonists of the world."Akaashi
73%
"Life’s a bore if you don’t challenge yourself.”Nishinoya
73%
"Farewell, my paradise."Tendou
73%
"Someone who can't see the opponent in front of him, can't defeat the opponent that lies beyond."Iwaizumi
64%
"Wait until then to laugh in my face and say you're happier!"Osamu
59%
"Well? What do you think? Ain't my old teammates amazing?"Kita
54%
"Nothing sucks worse than people telling you, "you poor thing."Sakusa
37%
“When you have a brilliant ace, their very existence is a brilliant decoy.”Shirabu
26%
Luck? No way. You’re only an ace if you’re able to create miracles.”Goshiki
22%

Score Distribution

Percentile by Number Answered

Percent of People with Each Score

Your Score History

You have not taken this quiz